书目信息 |
| 题名: |
交通工程设施试验检测技术
|
|
| 作者: | 陈红 主编 | |
| 分册: | ||
| 出版信息: | 北京 人民交通出版社 2000.04 |
|
| 页数: | 177页 | |
| 开本: | 26cm | |
| 丛书名: | ||
| 单 册: | ||
| 中图分类: | U416.03-43 | |
| 科图分类: | ||
| 主题词: | 道路工程 | |
| 电子资源: | ||
| ISBN: | 7-114-03513-6 | |
| 000 | 00558nam0 2200181 45 | |
| 001 | 0010101612 | |
| 005 | 20001122095009.9 | |
| 010 | @a7-114-03513-6@dRMB 17.00 | |
| 100 | @a20001010d2000 km y0chiy0120 ea | |
| 101 | 0 | @achi |
| 200 | 1 | @a交通工程设施试验检测技术@AJiao Tong Gong Cheng She Shi Shi Yan Jian Ce Ji Shu@f陈红主编@FChen Hong Zhu Bian |
| 210 | @a北京@c人民交通出版社@d2000.04 | |
| 215 | @a177页@d26cm | |
| 606 | 0 | @a道路工程 |
| 690 | @aU416.03-43@v3 | |
| 701 | 0 | @a陈红@4主编 |
| 801 | @aCN@bPftUser@c20001010 | |
| 905 | @dU416.03-43@eC442@b419065-067@f3 | |
| 交通工程设施试验检测技术/陈红主编.-北京:人民交通出版社,2000.04 |
| 177页;26cm |
| ISBN 7-114-03513-6:RMB 17.00 |
| ● |
| 相关链接 |
|
|
|
正题名:交通工程设施试验检测技术
索取号:U416.03-43/C442
 
预约/预借
| 序号 | 登录号 | 条形码 | 馆藏地/架位号 | 状态 | 备注 |
| 1 | 357644 | 203576442 | 自科库501/501自科库 53排1列1层/ [索取号:U416.03-43/C442] | 在馆 | |
| 2 | 357645 | 203576451 | 自科库501/501自科库 53排1列1层/ [索取号:U416.03-43/C442] | 在馆 | |
| 3 | 357646 | 203576460 | 自科库501/501自科库 53排1列1层/ [索取号:U416.03-43/C442] | 在馆 | |
| 4 | 419065 | 204190650 | 自科库501/501自科库 53排1列1层/ [索取号:U416.03-43/C442] | 在馆 | |
| 5 | 419066 | 204190669 | 自科库501/501自科库 53排1列1层/ [索取号:U416.03-43/C442] | 在馆 |